00584nam a2200217Ia 450000500170000000800410001702000240005804000190008204100120010108200150011310000140012824500450014225000110018726000430019830000390024150400190028063000230029965000120032265100220033485000100035620230713105339.0131103s9999 xx 000 0 und d a8173871124cRs. 450 aLoreto College aEnglish a634.9bNEG aNegi,S.S. aHimalayan forests and forestrycS.S.Negi a2nd ed aDelhibIndus Publishing Companycc2000 a304pb graphs, tables,charts, maps aIncludes index aHimalayan Forestry aForests aHimalayan Forests aLCLIB